000 00908nam a2200193 a 4500
001 000025935
005 20200930024150.0
008 110224s1988 cu ac r 000 f spa d
040 _aDO-SdBNP
_bspa
_cBNPHU
082 _aNNN
_bC172d
100 1 _aCámara, Madeline
_d1947-
_952795
245 1 0 _aDiálogo al pie de la letra /
_cMadeline Cámara.
260 _aLa Habana, Cuba :
_bLetras Cubanas,
_c1988.
300 _a137, [4] p. :
_bil., retrs. ;
_c19 cm.
490 1 _aEspiral
500 _aLos cabelleros de la Mesa Redonda -- La cita del comendador -- Diálogo con un extraterrestre -- Fail top secret : confesiones de un escrítor policiaco -- La hora de las reflexiones -- Los leños de los hoguera -- Una pelea cubana contra los demonios : profesionalismo os versatilidada -- Mano a mano entre dos novelistas debutantes -- Los crítcos tienen la palabra.
830 0 _aEspiral
_914718
049 _aBNGR
999 _c25427
_d25427